000 00406nam a2200169Ia 4500
100 _aJagdev/Harinder Singh
650 _aDecision making
942 _cRB
366 _f25
654 _adecision making
245 _aStrategic Decision making in modern manufacturing
260 _bKluwer Academic Press
_c2004
082 _a658.5
_bJAG
300 _a269
546 _aENGLISH
_cInfo.Tech
999 _c26022
_d26022